Sports Quiz

Random Sports or NFL Quiz

NFL Quarterbacks 2014-2015 Quiz Stats

 Plays Quiz not verified by Sporcle

Challenge
Share
Tweet
Embed
Score 0/87 Timer 08:00
0 Plays Today
Hint Answer % Correct
Chicago BearsJay Cutler
95.5%
Denver BroncosPeyton Manning
94.6%
New York GiantsEli Manning
94.4%
Cincinnati BengalsAndy Dalton
92.8%
Kansas City ChiefsAlex Smith
90.5%
New York JetsGeno Smith
89.9%
New England PatriotsTom Brady
89.8%
Dallas CowboysTony Romo
89.7%
Indianapolis ColtsAndrew Luck
89.4%
Green Bay PackersAaron Rodgers
88.2%
San Diego ChargersPhilip Rivers
87.9%
Carolina PanthersCam Newton
87.5%
Arizona CardinalsCarson Palmer
87.3%
Atlanta FalconsMatt Ryan
87.2%
Seattle SeahawksRussell Wilson
87%
New York JetsMichael Vick
86.9%
Washington RedskinsRobert Griffin III
86.8%
Detroit LionsMatthew Stafford
86.5%
Miami DolphinsJordan Rodgers
86.5%
Buffalo BillsE.J. Manuel
86.4%
Baltimore RavensJoe Flacco
86%
Chicago BearsJordan Palmer
85.7%
San Francisco 49ersColin Kaepernick
85.5%
Tennessee TitansTyler Wilson
85.5%
New Orleans SaintsDrew Brees
84.9%
Philadelphia EaglesNick Foles
84.9%
Pittsburgh SteelersBen Roethlisberger
84.7%
Miami DolphinsRyan Tannehill
83.9%
Cleveland BrownsBrian Hoyer
83.2%
Hint Answer % Correct
St. Louis RamsSam Bradford
83%
New Orleans SaintsRyan Griffin
80.8%
Oakland RaidersMatt Schaub
80.3%
Tampa Bay BuccaneersJosh McCown
77.3%
Houston TexansRyan Fitzpatrick
76.6%
New Orleans SaintsLuke McCown
76.6%
Tennessee TitansJake Locker
75.6%
Jacksonville JaguarsChad Henne
74.9%
Minnesota VikingsMatt Cassel
74.8%
Minnesota VikingsChristian Ponder
74%
Dallas CowboysKyle Orton
72.6%
Philadelphia EaglesMark Sanchez
71.8%
Washington RedskinsKirk Cousins
69%
San Francisco 49ersBlaine Gabbert
66.2%
Oakland RaidersTerrelle Pryor
65%
New England PatriotsRyan Mallett
63.2%
Tampa Bay BuccaneersMike Glennon
63.2%
Seattle SeahawksTarvaris Jackson
62.2%
Dallas CowboysBrandon Weeden
61.7%
Indianapolis ColtsMatt Hasselbeck
61.4%
Denver BroncosBrock Osweiler
61%
Cincinnati BengalsJason Campbell
58.4%
Washington RedskinsColt McCoy
58.3%
Cincinnati BengalsJosh Johnson
57.5%
Houston TexansCase Keenum
57%
Philadelphia EaglesMatt Barkley
55.7%
Miami DolphinsMatt Moore
55.4%
Detroit LionsKellen Moore
55.3%
Houston TexansT.J. Yates
55%
Hint Answer % Correct
Carolina PanthersDerek Anderson
54.8%
Tennessee TitansCharlie Whitehurst
54.6%
St. Louis RamsShaun Hill
54.5%
Buffalo BillsJeff Tuel
53.7%
Baltimore RavensTyrod Taylor
52.5%
Buffalo BillsThad Lewis
52.3%
New York GiantsCurtis Painter
52.1%
San Diego ChargersKellen Clemens
51.5%
Pittsburgh SteelersLandry Jones
50.5%
Oakland RaidersMatt McGloin
50.5%
Green Bay PackersScott Tolzien
50.4%
Kansas City ChiefsChase Daniel
50.3%
Arizona CardinalsDrew Stanton
49%
St. Louis RamsAustin Davis
48.9%
Atlanta FalconsDominique Davis
48.9%
New York GiantsRyan Nassib
46.3%
Detroit LionsDan Orlovsky
46%
Pittsburgh SteelersBruce Gradkowski
45%
Buffalo BillsDennis Dixon
44.9%
New York JetsMatt Simms
42.9%
Arizona CardinalsRyan Lindley
42.2%
Carolina PanthersJoe Webb
41.9%
Denver BroncosZac Dysert
38.2%
Kansas City ChiefsTyler Bray
37.6%
Miami DolphinsPat Devlin
36.8%
Jacksonville JaguarsRicky Stanzi
36.7%
Cleveland BrownsAlex Tanney
35.8%
San Diego ChargersBrad Sorensen
35.8%
Carolina PanthersMatt Blanchard
34.6%

You're not logged in!

Compare scores with friends on all Sporcle quizzes.
Join for Free
OR
Log In

You Might Also Like...

Show Comments

Extras

Created Apr 9, 2014ReportFavoriteNominate
Tags:NFL Quiz, 2014-2015

Top Quizzes Today


Score Distribution

Your Account Isn't Verified!

In order to create a playlist on Sporcle, you need to verify the email address you used during registration. Go to your Sporcle Settings to finish the process.

Report this User

Report this user for behavior that violates our Community Guidelines.

Details: